000 00653nam a2200277Ia 4500
005 20260324121118.0
008 008 260324s9999 xx 000 0 eng d
020 _a9780429227332
037 _aEBOOK
040 _aCRL
040 _beng
040 _cCRL
041 _2eng
041 _aeng
084 _qCRL
100 _aJeffrey Yi-Lin Forrest
_91070315
245 2 _aA Systems Perspective on Financial Systems
260 _bTaylor and Francis
260 _c2014
365 _a
365 _b340
856 _uhttp://www.taylorfrancis.com/books/9780429227332
942 _cEBOOK
999 _c1753139
_d1753139